Devine le titre Rap français - Statistiques

Statistiques générales
  • Ce quiz a été pris 226 fois
  • Le résultat moyen est 5 sur 16
Statistiques - réponses
Par images Réponse % Correct
Scarface
90%
Désaccordé
66%
Mwaka moon
65%
Compliqué
46%
Fusil
37%
Mosaïque solitaire
31%
Habitué
27%
Putana
24%
fonceder
21%
De batard
19%
Tout gâché
13%
Je te vois
11%
Notif
10%
Million
9%
Sec
6%
Tchop
1%
Aucun quiz correspondant
Distribution des résultats
% des personnes avec chaque résultat
Percentile par nombre de réponses
Votre historique - résultats
Vous n’avez pas pris ce quiz